书目信息 |
| 题名: |
体育场地简易测画法
|
|
| 作者: | 练碧贞 主编 | |
| 分册: | ||
| 出版信息: | 北京 人民体育出版社 2000.01 |
|
| 页数: | 240页 | |
| 开本: | 32开 | |
| 丛书名: | ||
| 单 册: | ||
| 中图分类: | G818 | |
| 科图分类: | ||
| 主题词: | 体育事业--世界 | |
| 电子资源: | ||
| ISBN: | 7-5009-1872-0 | |
| 000 | 00531nam0 2200181 45 | |
| 001 | 0010251803 | |
| 005 | 20070619162156.84 | |
| 010 | @a7-5009-1872-0@d13.00元 | |
| 100 | @a20001025d2000 km y0chiy0120 ea | |
| 101 | 0 | @achi |
| 200 | 1 | @a体育场地简易测画法@ATi Yu Chang Di Jian Yi Ce Hua Fa@f练碧贞等主编@FLian Bi Zhen Deng Zhu Bian |
| 210 | @a北京@c人民体育出版社@d2000.01 | |
| 215 | @a240页@d32开 | |
| 606 | 0 | @a体育事业@x世界 |
| 690 | @aG818@v3 | |
| 701 | 0 | @a练碧贞@4主编 |
| 801 | @aCN@c20070619 | |
| 905 | @b189087-089@dG818@eL959@f3 | |
| 体育场地简易测画法/练碧贞等主编.-北京:人民体育出版社,2000.01 |
| 240页;32开 |
| ISBN 7-5009-1872-0:13.00元 |
| ● |
| 相关链接 |
|
|
|
正题名:体育场地简易测画法
索取号:G818/L959
 
预约/预借
| 序号 | 登录号 | 条形码 | 馆藏地/架位号 | 状态 | 备注 |
| 1 | 189087 | 201890873 | 社科二线422/309社科库 35排3列3层/ [索取号:G818/L959] | 在馆 | |
| 2 | 189088 | 201890882 | 社科二线422/409社科库 21排3列4层/ [索取号:G818/L959] | 在馆 | |
| 3 | 189089 | 201890891 | 社科库409/409社科库 21排3列5层/ [索取号:G818/L959] | 在馆 | |
| 4 | 242600 | 202426008 | 社科二线422/409社科库 21排3列4层/ [索取号:G818/L959] | 在馆 | |
| 5 | 242601 | 202426017 | 社科库409/409社科库 21排3列5层/ [索取号:G818/L959] | 在馆 |